| 000 | 00930nam a2200253Ia 4500 | ||
|---|---|---|---|
| 003 | OSt | ||
| 005 | 20220923225540.0 | ||
| 006 | a|||||r|||| 00| 0 | ||
| 007 | ta | ||
| 008 | 220922b |||||||| |||| 00| 0 kan d | ||
| 024 | _a270,909 | ||
| 037 | _cTextual | ||
| 040 |
_aARTS _cARTS _bkan |
||
| 041 |
_2kan _akan |
||
| 082 | _aO33xF, 152M2 | ||
| 100 |
_aपुराणिक, सिद्धाय्य; ललिताम्बा, भा. य., अनु. _9168707 |
||
| 245 | 0 | _aवचनोद्याान | |
| 246 | _aVachanodyāāna | ||
| 260 |
_aकलकता _b भारतीय भाषा परिषद् _c1982 |
||
| 300 |
_a246पृ0 _ccm. |
||
| 650 |
_aकन्नड़ साहित्य _9156264 |
||
| 942 |
_hO33xF, 152M2 _cTEXL _2CC |
||
| 999 |
_c379008 _d379008 |
||